Lo Esencial de la gestión documental : sistema integrado de gestión de los documentos analógicos y de los documentos electrónicos / Michel Roberge ; traducción a cargo de M. Rosa Lloveras i Moreno sistema integrado de gestión de los documentos analógicos y de los documentos electrónicos / Michel Roberge ; traducción a cargo de M. Rosa Lloveras i Moreno
ISBN:
2-921571-18-8
Descripción Física:
[384] p. : il ; 28 cm
Otros Autores:
Lloveras i Moreno, M. Rosa
MARC
| LEADER | 00000nam a2200000Ia 4500 | ||
|---|---|---|---|
| 001 | 19365 | ||
| 008 | 160829s2006 xx 000 0 cat d | ||
| 020 | |a 2-921571-18-8 | ||
| 080 | |a A-2-295 | ||
| 100 | |a Roberge, Michel |9 39657 | ||
| 245 | |a Lo Esencial de la gestión documental : |b sistema integrado de gestión de los documentos analógicos y de los documentos electrónicos / Michel Roberge ; traducción a cargo de M. Rosa Lloveras i Moreno | ||
| 260 | |a Québec : |b Gestar, |c 2006 | ||
| 300 | |a [384] p. : |b il ; |c 28 cm | ||
| 650 | 0 | |a Gestió dels documents |9 43349 | |
| 650 | |a Documents electrònics |9 46076 | ||
| 700 | 1 | |a Lloveras i Moreno, M. Rosa |9 46077 | |
| 901 | |a Arxiu | ||
| 942 | |n 1 | ||
| 952 | |0 0 |1 0 |4 0 |6 A2295 |7 1 |9 52972 |a Arxiu |b Arxiu |d 2016-12-01 |l 0 |o A-2-295 |p 19365 |r 2016-12-01 00:00:00 |w 2016-12-01 |y ARXIU | ||
| 999 | |c 56821 |d 56821 | ||